Fundaciones y derecho administrativo

Detalles Bibliográficos
Autor principal: Alli Turrillas, Juan-Cruz
Formato: eBook
Lenguaje:español
Publicado: Madrid: Marcial Pons, 2010
Materias:
Acceso en línea:Acceso restringido

MARC

LEADER 00000nam a22000007a 4500
005 20170117235215.0
007 cr|||| ||||
008 170117s2010 es |||||s|||| 00||0 spa d
020 |a 978-84-9123-026-7 
035 |a 14701 
040 |a vLex 
090 |c 6522  |d 6522 
100 1 |a Alli Turrillas, Juan-Cruz 
245 1 0 |a Fundaciones y derecho administrativo  |h [Recurso electrn̤ico] /  |c Juan-Cruz Alli Turrillas 
256 |a Servicio en ln̕ea 
260 |a Madrid:  |b Marcial Pons,  |c 2010 
300 |a 1 recurso electrn̤ico 
500 |a Siempre ha existido una intensa relacin̤ no exenta de cierta tensin̤- entre el Derecho administrativo y las fundaciones. Dado que durante el siglo XIX se construyeron conceptual y jurd̕icamente ambos sistemas: las fundaciones como participacin̤ privada en tal consecucin̤, y la Administracin̤ pb︢lica y el Derecho administrativo como una cierta monopolizacin̤ de tal fin (el ±servicio pb︢lico»), as ̕como con un papel de supervisor de la vida institucional y jurd̕ica. Por tal razn̤, la fundacin̤, institucin̤ peculiar dentro de Derecho civil, es n︢icamente autorizada por el poder pb︢lico en cuanto cumple tal fin ±de interš general». En este libro se examina cm̤o la vinculacin̤ entre pb︢lico y privado no es algo extrn̕seco o aądido, debido al fin que cumple la fundacin̤ o, menos an︢, en una necesidad de fiscalizacin̤ institucional, sino que es consustancial a la esencia propia de la fundacin̤. Y, as,̕ su ser ha de entenderse no tanto bajo el prisma de la concurrencia colaborativa en el logro del ±interš general», cuanto en que tal iniciativa privada con aceptacin̤ pb︢lica, se inserta en toda la estructura estt̀ica y dinm̀ica de la fundacin̤: fin, patrimonio, y sujetos; nacimiento-negocio fundacional, vida y extincin̤-liquidacin̤, respectivamente. Esto no quiere decir que las fundaciones sean entes administrativos, pero s ̕obliga a una profunda revisin̤ de su identidad y, con ella, de la proteccin̤ jurd̕ica del patrimonio y la responsabilidad de sus r̤ganos directivos, verdaderos valedores privados de interš general; situacin̤ que exige re-visitar su negocio, operaciones y extincin̤. Por todo lo cual, tampoco es fc̀il admitir, jurd̕icamente, su utilizacin̤ por parte de los poderes pb︢licos, dado que, conceptualmente, desnaturaliza la esencia de ambos conjuntos jurd̕icos. Y es que la fundacin̤ es, a decir de Garrido Falla, una institucin̤ que ±seguramente autoriza a una revisin̤ de las categora̕s jurd̕icas generales». 
506 1 |a Disponible solo en los productos indicados  |d vLex Global  |d vLex Global (Academic Edition, excluding Law Schools)  |d vLex Global (U.S. Academic Edition, Law Schools)  |d vLex Global (U.S. Academic Edition, excluding Law Schools)  |d vLex Global (Academic Edition, Law Schools) 
650 0 4 |a Derecho Civil  |z Espaą 
650 0 4 |a Derecho Pb︢lico y Administrativo  |z Espaą 
740 0 |a vLex Libros (Servicio en ln̕ea) 
856 4 0 |u http://vlex.com/source/fundaciones-y-derecho-administrativo-14701  |z Acceso restringido 
942 |c BOOK 
999 0 |a Civil Law 
999 0 |a Public and Administrative Law